000 00832cam a22002537a 4500
005 20260322212005.0
008 data
010 _a 2008300102
020 _a0785821449 (pbk.)
020 _a9780785821441 (pbk.)
040 _aJZD
_cJZD
_dDLC
_dBAKER
_dOCLCG
_dDLC
042 _alccopycat
050 0 0 _aTL440
_b.H458 2008
082 0 0 _a629.227/503
_222
092 _a629.227 H458 2008
100 1 _aHenshaw, Peter,
_d1962-
245 1 4 _aThe encyclopedia of the motorcycle /
_cPeter Henshaw.
246 1 _iSubtitle on cover:
_aUtimate reference and comprehensive companion for motorbike enthsiasts
260 _aEdison, NJ :
_bChartwell Books,
_c[2008].
300 _a448 p. :
_bill. (some col.) ;
_c17 x 22 cm.
504 _aIncludes bibliographical references (p. 432) and index.
650 0 _aMotorcycles
_vEncyclopedias.
001 data
999 _c82
_d82